Online Catalogue and eLibrary

Sri Lankawe gamsabha kramaye ithihasaya (Record no. 5185)

MARC details
000 -LEADER
fixed length control field 00447nam a2200157Ia 4500
005 - DATE AND TIME OF LATEST TRANSACTION
control field 20250626021225.0
008 - FIXED-LENGTH DATA ELEMENTS--GENERAL INFORMATION
fixed length control field 240331s9999 xx 000 0 und d
020 ## - INTERNATIONAL STANDARD BOOK NUMBER
ISBN 9559588303
082 ## - DDC Classification
Item Number - Author Mark ADA
Class No. 352
100 ## - MAIN ENTRY--PERSONAL NAME
Personal name Adagama.M
245 #0 - TITLE STATEMENT
Title Sri Lankawe gamsabha kramaye ithihasaya
260 ## - PUBLICATION, DISTRIBUTION, ETC.
Place of publication, distribution, etc. Divulapitiya
Name of publisher, distributor, etc. Saraswati Publishing & Printers
Date of publication, distribution, etc. 1997
300 ## - PHYSICAL DESCRIPTION
Extent (e.g. Volumes, Pages etc.) 197 p .,
500 ## - GENERAL NOTE
General note History of the Village Council System in Sri Lanka
942 ## - Koha item type (Biblio)
Koha item type Books in Stacks (Lending)
Holdings
Lost status Damaged status Collection code Home library Current library Shelving location Date acquired Full call number Accession Number Item type
    Lending WERC Library WERC Library Social Science Cupboard 03/31/2024 352.1709 ADA 2632 Books in Stacks (Lending)

© WERC Library